APPLIED BUSINESS ETHICS (Record no. 215875)
[ view plain ]
| 000 -LEADER | |
|---|---|
| fixed length control field | 00432nam a22001577a 4500 |
| 008 - FIXED-LENGTH DATA ELEMENTS--GENERAL INFORMATION | |
| fixed length control field | 250710b |||||||| |||| 00| 0 eng d |
| 020 ## - INTERNATIONAL STANDARD BOOK NUMBER | |
| International Standard Book Number | 978-0-538-45397-4 |
| 050 ## - LIBRARY OF CONGRESS CALL NUMBER | |
| Classification number | HF 5387 .B74 2012 |
| 100 ## - MAIN ENTRY--PERSONAL NAME | |
| Personal name | BREDESON, DEAN A. |
| 245 ## - TITLE STATEMENT | |
| Title | APPLIED BUSINESS ETHICS |
| 260 ## - PUBLICATION, DISTRIBUTION, ETC. | |
| Place of publication, distribution, etc. | AUSTRALIA |
| Name of publisher, distributor, etc. | SOUTH-WESTERN CENGAGE LEARNING |
| Date of publication, distribution, etc. | 2012 |
| 300 ## - PHYSICAL DESCRIPTION | |
| Extent | XXVI,358P.:ILL |
| 650 ## - SUBJECT ADDED ENTRY | |
| Topical term or geographic name entry element | BUSINESS ETHICS |
| 942 ## - ADDED ENTRY ELEMENTS (KOHA) | |
| Source of classification or shelving scheme | Library of Congress Classification |
| Koha item type | Long Loan Book |
| Withdrawn status | Lost status | Source of classification or shelving scheme | Damaged status | Not for loan | Collection | Home library | Current library | Shelving location | Date acquired | Inventory number | Total checkouts | Full call number | Barcode | Date last seen | Copy number | Price effective from | Koha item type |
|---|---|---|---|---|---|---|---|---|---|---|---|---|---|---|---|---|---|
| Library of Congress Classification | Business & Economics | Kisii University Library | Kisii University Library | On Display | 07/10/2025 | 109070 | HF 5387 .B74 2012 | 000000023968 | 07/10/2025 | 1 | 07/10/2025 | Long Loan Book | |||||
| Library of Congress Classification | Business & Economics | Kisii University Library | Kisii University Library | On Display | 07/10/2025 | 109071 | HF 5387 .B74 2012 | 000000023967 | 07/10/2025 | 2 | 07/10/2025 | Long Loan Book | |||||
| Library of Congress Classification | Business & Economics | Kisii University Library | Kisii University Library | On Display | 07/10/2025 | 109072 | HF 5387 .B74 2012 | 000000023966 | 07/10/2025 | 3 | 07/10/2025 | Long Loan Book | |||||
| Library of Congress Classification | Business & Economics | Kisii University Library | Kisii University Library | On Display | 07/10/2025 | 109073 | HF 5387 .B74 2012 | 000000023965 | 07/10/2025 | 4 | 07/10/2025 | Long Loan Book | |||||
| Library of Congress Classification | Business & Economics | Kisii University Library | Kisii University Library | On Display | 07/10/2025 | 109074 | HF 5387 .B74 2012 | 000000023964 | 07/10/2025 | 5 | 07/10/2025 | Long Loan Book |